000 00927nas a2200289 4500
001 BR2010001127
003 BR-BrBNA
005 20231205113951.0
007 ta
008 230509b bl.|||p| |||| 00| 00por d
040 _aBR-BrBNA
_bpor
_cBiblioteca Nacional de Agricultura
041 _a(Pt)
072 _aF62
100 1 _aStorck, L.
100 1 _aCargnelutti Filho, A.
100 1 _aLopes, S.J.
100 1 _aToebe, M.
100 1 _aSilveira, T.R. da
245 1 _aDuração do subperíodo semeadura- florescimento, crescimento e produtividade de grãos de milho em condições climáticas contrastantes
650 _aMILHO
650 _aFLORAÇÃO
650 _aCRESCIMENTO
650 _aCONDIÇÃO AMBIENTAL
773 0 _tRevista Brasileira de Milho e Sorgo (Brazil)
_xISSN 1676-689X
_g(Jan-Apr 2009), v. 8(1) p. 27-39
_wBR2010001127
909 _a202311
_bLúcia
_c55
_dLúcia Elande
942 _2AGRIS
_n0
_cANA
999 _c206492
_d206492